000 00648nam a22001697a 4500
003 IT-RoPau
005 20220918181102.0
008 130322b xxu||||| |||| 00| 0 eng d
040 _cIT-RoPau
100 _aCapitulo General
_9485
245 _aDocumento de trabajo en preparacion al V° Capitulo General
250 _a1° ed
260 _aRoma
_bSSP Casa General
_c1986
300 _a76 pp.
_c21 cm
520 _aContiene: - Introducción del P. Renato Perino - Presentación / explicación técnica - Siglario - Antología (63 textos) - Cuestionario (47 preguntas) para contestar en las comunidades locales - Indices
942 _2ddc
_cBK
999 _c98265
_d98265